000 00958nam a2200277 i 4500
003 EG-GICUC
005 20260405111456.0
008 260405s1986 fr ||||fr|||| 00| 0 fre d
040 _aEG-GiCUC
_bfre
_cEG-GiCUC
_dEG-GiCUC
_eRda
082 0 4 _221
_a341.511
_bAB . N
092 0 4 _221
099 _aLaw1 11 341.511 AB . N 1986
100 1 _aAbou-El-Wafa,Ahmed
_eAuteur
245 _aLa Non-Comparution Devant La Cour Internationale De Justice .
_hTome LXXXVI /
_cAhmed Abou-El-Wafa .
264 1 _aParis :
_bLibrairie Generale De Droit Et De Jurisprudence ,
_c1986 .
300 _a222 page ;
_c24 cm.
336 _2rda contenu
_a texte
337 _2rda medias
_aOrdinateur
338 _2 transporteur rda
_a Ressource en ligne
546 _aTexte en français
650 _aDroit International Public
650 _aTribunaux Internationaux
856 4 0 _uhttps://fll.law.cu.edu.eg/fulltext/bks/B11-07843.pdf
905 _a59
942 _2ddc
_n0
_cBK
_e21
999 _c68924
_d68924